000 00665nam a2200181Ia 4500
008 100920s9999 xx 000 0 und d
082 _b103355
_a51 न 08
100 _aभांड बाबा.
245 _aकृष्णा अग्नसिमाधीतला योगी.
260 _bसाकेत,औरंगाबाद.
_c2008
300 _a240
_bसाधी
365 _b200
520 _aचरित्र.
630 _aकृष्णा अग्नसिमाधीतला योगी.
650 _aचरित्र.
730 _aकृष्णा अग्नसिमाधीतला योगी.
942 _cBOOK
999 _c743787
_d743784